[Event "34th Leon Blitz Open 2021"]
[Site "chess.com INT"]
[Date "2021.07.07"]
[Round "11"]
[White "Vazquez, Facundo"]
[Black "Tejedor Fuente, Enrique"]
[Result "1/2-1/2"]
[WhiteTitle "CM"]
[BlackTitle "IM"]
[WhiteElo "2199"]
[BlackElo "2434"]
[WhiteFideId "3007669"]
[BlackFideId "2299100"]
[EventDate "2021.07.07"]

1. d4 Nf6 2. c4 e6 3. Nf3 d5 4. Nc3 dxc4 5. e4 Bb4 6. Bg5 b5 7. e5 h6 8. exf6
hxg5 9. fxg7 Rg8 10. g3 Bb7 11. Bg2 Rxg7 12. O-O Bxc3 13. bxc3 Nd7 14. a4 a6 15.
Rb1 Bc6 16. Nd2 Bxg2 17. Kxg2 Rb8 18. Qf3 g4 19. Qc6 Qg5 20. Ne4 Qd5 21. Qxd5
exd5 22. Nd2 c6 23. Rfe1+ Kd8 24. Nf1 Nb6 25. axb5 cxb5 26. Re5 f6 27. Rf5 Ke7
28. Re1+ Kf7 29. Ne3 Rg5 30. Rf4 Rbg8 31. Nf5 Rxf5 32. Rxf5 Rd8 33. Rh5 Na4 34.
Re3 a5 35. Rh7+ Kg6 36. Rb7 Nxc3 37. Rxc3 b4 38. Rc1 Ra8 39. Rb5 b3 40. Rxd5 a4
41. Rxc4 a3 42. Rb5 b2 43. Rxb2 axb2 44. Rb4 Ra2 45. Rb5 Kf7 46. Rb6 Kg6 47. d5
Kf5 48. d6 Ke6 49. h4 gxh3+ 50. Kxh3 b1=Q 51. Rxb1 Rxf2 52. Rd1 Kd7 53. Kg4 f5+
54. Kh4 f4 55. g4 Rh2+ 56. Kg5 f3 57. Kf4 f2 58. Kg3 Rh6 59. Kxf2 Rh3 60. Rd4
Ra3 61. g5 Ra5 62. Rg4 Kxd6 63. g6 Ra8 64. g7 Rg8 65. Kg3 1/2-1/2

[Event "34th Leon Blitz Open 2021"]
[Site "chess.com INT"]
[Date "2021.07.07"]
[Round "11"]
[White "Filip, Lucian-Ioan"]
[Black "Iskusnyh, Sergei"]
[Result "1/2-1/2"]
[WhiteTitle "IM"]
[BlackTitle "GM"]
[WhiteElo "2431"]
[BlackElo "2473"]
[WhiteFideId "1208900"]
[BlackFideId "4120027"]
[EventDate "2021.07.07"]

1. Nf3 d5 2. d4 Nf6 3. c4 c6 4. e3 a6 5. Nc3 e6 6. a3 Nbd7 7. b4 Bd6 8. Bd3 e5
9. cxd5 cxd5 10. dxe5 Nxe5 11. Be2 O-O 12. O-O Nxf3+ 13. Bxf3 Qc7 14. Nxd5 Nxd5
15. Qxd5 Bxh2+ 16. Kh1 Rd8 17. Qc5 Qxc5 18. bxc5 Be5 19. Rb1 Ra7 20. Bb2 Re8 21.
Bxe5 Rxe5 22. Rfd1 Re8 23. Rb6 g6 24. Bd5 Kg7 25. Rdb1 Re7 26. e4 Rc7 27. Rc1 a5
28. f4 a4 29. Kh2 Ra5 30. c6 bxc6 31. Rbxc6 Rxc6 32. Bxc6 Be6 33. Kg3 Bb3 34.
Kf3 Ra7 35. e5 Rc7 36. Ke4 h5 37. g3 Rc8 38. Rc3 Rc7 39. Kd4 Rc8 40. Kc5 Rd8 41.
Bb5 Rd2 42. Kb4 h4 43. gxh4 Rd4+ 44. Ka5 Rxf4 45. Rc7 Rxh4 46. e6 Bxe6 47. Bxa4
g5 48. Bb5 g4 49. Rc3 f5 50. a4 f4 51. Bc6 Kf6 52. Kb6 Ke5 53. a5 Kd4 54. Rc1
Rh6 55. a6 f3 56. a7 Rh8 57. a8=Q Rxa8 58. Bxa8 Bc4 59. Bxf3 gxf3 60. Rh1 f2 61.
Ka5 Ke3 62. Rh3+ Kf4 63. Rh8 Bd3 64. Rh1 Kg3 65. Kb4 Be4 66. Rd1 Kf3 67. Rf1 Ke2
68. Rxf2+ Kxf2 1/2-1/2

[Event "34th Leon Blitz Open 2021"]
[Site "chess.com INT"]
[Date "2021.07.07"]
[Round "11"]
[White "Bluebaum, Matthias"]
[Black "Svane, Rasmus"]
[Result "1/2-1/2"]
[WhiteTitle "GM"]
[BlackTitle "GM"]
[WhiteElo "2669"]
[BlackElo "2615"]
[WhiteFideId "24651516"]
[BlackFideId "4657101"]
[EventDate "2021.07.07"]

1. d4 Nf6 2. c4 e6 3. Nc3 Bb4 4. e3 O-O 5. Bd2 b6 6. Bd3 Bb7 7. Nf3 c5 8. a3
Bxc3 9. Bxc3 cxd4 10. Nxd4 d5 11. O-O Nbd7 12. Be2 Rc8 13. Nb5 Ba6 14. Nxa7 Rxc4
15. Bb4 Qc7 16. Bxf8 Nxf8 17. b3 Rc3 18. Bxa6 Qxa7 19. Be2 Ne4 20. Bf3 Nc5 21.
b4 Nb3 22. Ra2 Nd7 23. Rc2 Qc7 24. Be4 Ne5 25. Rxc3 Qxc3 26. Qc2 Qxc2 27. Bxc2
Nd2 28. Ra1 Ndc4 29. a4 Nc6 30. Rb1 Na3 31. Rb2 Nc4 32. Rb3 Kf8 33. Bd3 Nd6 34.
Bb5 Ne5 35. Rc3 Ke7 36. Be2 Kd7 37. a5 bxa5 38. bxa5 Nec4 39. Bxc4 dxc4 40. a6
Kc7 41. Ra3 Kb8 42. a7+ Ka8 43. Ra4 c3 44. Ra5 Ne4 45. Ra2 Nd6 46. Kf1 Nb5 47.
Ke2 Nxa7 48. Kd3 Kb7 49. Kxc3 Nc6 50. Kc4 Kb6 51. Rb2+ Kc7 52. Kc5 Ne5 53. Ra2
Nd7+ 54. Kb5 Kd6 55. Ra6+ Ke7 56. Kc6 Nb8+ 57. Kb7 Nxa6 58. Kxa6 Kd6 59. Kb5 Kd5
60. f3 f5 61. Kb4 e5 62. Kc3 Kc5 63. f4 exf4 64. exf4 Kd5 65. Kd3 h6 66. h3 g5
67. fxg5 hxg5 68. g3 Ke5 69. Ke3 f4+ 70. gxf4+ gxf4+ 71. Kf3 Kf5 72. h4 Ke5 73.
h5 Kf5 74. h6 Kg6 75. Kxf4 Kxh6 1/2-1/2

[Event "34th Leon Blitz Open 2021"]
[Site "chess.com INT"]
[Date "2021.07.07"]
[Round "11"]
[White "Girya, Olga"]
[Black "Harshavardhan, G B"]
[Result "1-0"]
[WhiteTitle "WGM"]
[BlackTitle "IM"]
[WhiteElo "2448"]
[BlackElo "2397"]
[WhiteFideId "4195752"]
[BlackFideId "25059009"]
[EventDate "2021.07.07"]

1. d4 Nf6 2. Nf3 g6 3. Bg5 Bg7 4. Nbd2 O-O 5. c3 d6 6. e4 Nbd7 7. Bc4 e5 8. O-O
Qe7 9. Re1 b6 10. Bd5 Rb8 11. Bc6 h6 12. Bh4 g5 13. Bg3 Bb7 14. Bxb7 Rxb7 15.
dxe5 Nxe5 16. Nxe5 dxe5 17. Nc4 Nd7 18. Qd5 Rbb8 19. Rad1 Rfd8 20. Qc6 Nc5 21.
Ne3 Qe6 22. Qxe6 Nxe6 23. Nf5 f6 24. Ne7+ Kf8 25. Nc6 Rxd1 26. Rxd1 Ra8 27. f3
a5 28. a4 Rc8 29. Bf2 Ke8 30. h4 Bf8 31. b4 axb4 32. cxb4 Ra8 33. a5 bxa5 34.
bxa5 Bd6 35. Ra1 Kd7 36. Rc1 Nf4 37. Rc2 Nd3 38. a6 Nxf2 39. Kxf2 gxh4 40. a7 h5
41. Ke2 Bf8 42. Kd3 Bh6 43. Rc5 Kd6 44. Rc4 Bf4 45. Rc2 Kd7 46. Nb8+ Kc8 47. Nc6
Kb7 48. Rc4 Kb6 49. Rc3 Kb5 50. Kc2 Kb6 51. Kb3 Rg8 52. Rc2 Kb7 53. Ka4 Ra8 54.
Kb5 Rg8 55. Rb2 Be3 56. Kc4+ Bb6 57. Ra2 Ra8 58. Kb5 Rg8 59. Ra6 Ka8 60. Nb4
Rxg2 61. Nd5 Rb2+ 62. Kc6 h3 63. Ra1 h2 64. Rh1 Rg2 65. Nxf6 Kxa7 66. Nd5 Rc2+
67. Kd7 1-0

[Event "34th Leon Blitz Open 2021"]
[Site "chess.com INT"]
[Date "2021.07.07"]
[Round "11"]
[White "Ibrahimli, Murad"]
[Black "Gabrielian, Artur"]
[Result "0-1"]
[WhiteTitle "IM"]
[BlackTitle "GM"]
[WhiteElo "2436"]
[BlackElo "2460"]
[WhiteFideId "13410229"]
[BlackFideId "4131002"]
[EventDate "2021.07.07"]

1. c4 c5 2. Nc3 Nc6 3. Nf3 Nf6 4. e3 e5 5. d4 e4 6. Ne5 g6 7. g4 h6 8. Bg2 Qe7
9. Nxe4 Nxe4 10. Bxe4 Nxe5 11. dxe5 Qxe5 12. Qd5 Bg7 13. Qxe5+ Bxe5 14. f4 Bg7
15. Kf2 d6 16. h3 Ke7 17. Rb1 Rb8 18. b4 b6 19. Bb2 Bxb2 20. Rxb2 Be6 21. Rc1 h5
22. Kg3 h4+ 23. Kf2 cxb4 24. Rxb4 Rhc8 25. Rc2 Rc5 26. Ke2 Rbc8 27. Ra4 R8c7 28.
Bd3 b5 29. Rb4 bxc4 30. Be4 f5 31. gxf5 gxf5 32. Bf3 d5 33. Kd2 Ra5 34. a4 Kd6
35. Kc3 Rg7 36. Rg2 Rg3 37. Rxg3 hxg3 38. Kd4 Rc5 39. Kc3 Rc7 40. h4 Rg7 41. Rb2
Rh7 42. h5 Rg7 43. Rg2 Bf7 44. h6 Rh7 45. Rxg3 Rxh6 46. Kd4 Rh2 47. Rg7 Rd2+ 48.
Kc3 Rd3+ 49. Kc2 Rxe3 50. Bd1 Re7 51. Kc3 Kc5 52. Bh5 d4+ 53. Kc2 d3+ 54. Kc3
Rb7 55. Rxf7 Rb3+ 56. Kd2 Rb2+ 57. Ke3 Rh2 58. Rxf5+ Kb4 59. Bf3 Kc3 60. Rc5 Rh3
61. Kf2 Kd4 62. Rc8 c3 63. Rd8+ Kc4 64. Rc8+ Kb4 65. f5 c2 66. Be4 Rh1 67. Bxh1
d2 68. Rxc2 d1=Q 69. Re2 Qxh1 70. Re3 Qh2+ 71. Kf3 Kxa4 72. Re4+ Kb5 73. Rf4
Qh3+ 74. Ke4 Qh7 75. Ke5 Qe7+ 76. Kd5 Qf6 77. Ke4 a5 78. Rf1 Qc6+ 79. Ke5 Qc3+
80. Kf4 Qc4+ 0-1

[Event "34th Leon Blitz Open 2021"]
[Site "chess.com INT"]
[Date "2021.07.07"]
[Round "12"]
[White "Ibarra Jerez, Jose Carlos"]
[Black "Holt, Conrad"]
[Result "1/2-1/2"]
[WhiteTitle "GM"]
[BlackTitle "GM"]
[WhiteElo "2558"]
[BlackElo "2549"]
[WhiteFideId "2226332"]
[BlackFideId "2034387"]
[EventDate "2021.07.07"]

1. e4 e6 2. d4 d5 3. Nd2 c5 4. exd5 Qxd5 5. Ngf3 cxd4 6. Bc4 Qd6 7. O-O Nf6 8.
Nb3 Nc6 9. Nbxd4 Nxd4 10. Nxd4 Be7 11. c3 O-O 1/2-1/2

[Event "34th Leon Blitz Open 2021"]
[Site "chess.com INT"]
[Date "2021.07.07"]
[Round "12"]
[White "Gabrielian, Artur"]
[Black "Vasquez Schroeder, Rodrigo"]
[Result "1-0"]
[WhiteTitle "GM"]
[BlackTitle "GM"]
[WhiteElo "2460"]
[BlackElo "2459"]
[WhiteFideId "4131002"]
[BlackFideId "3400042"]
[EventDate "2021.07.07"]

1. e4 e5 2. Nc3 Nf6 3. g3 Bc5 4. Bg2 d6 5. Nge2 Nc6 6. O-O a6 7. d3 O-O 8. h3
Be6 9. Kh2 d5 10. f4 dxe4 11. Nxe4 Nxe4 12. Bxe4 exf4 13. Nxf4 Bd7 14. Qh5 1-0

[Event "34th Leon Blitz Open 2021"]
[Site "chess.com INT"]
[Date "2021.07.07"]
[Round "12"]
[White "Roman, Rodrigo"]
[Black "Gallegos Diaz, Carlos Alberto"]
[Result "0-1"]
[WhiteTitle "CM"]
[BlackTitle "IM"]
[WhiteElo "2071"]
[BlackElo "2374"]
[WhiteFideId "3701220"]
[BlackFideId "3900886"]
[EventDate "2021.07.07"]

1. Nf3 d6 2. g3 Nf6 3. Bg2 e5 4. O-O Be7 5. d3 O-O 6. c4 c6 7. Nc3 Re8 8. Rb1
Nbd7 9. b4 h6 10. a4 d5 11. cxd5 cxd5 12. b5 d4 13. Na2 Bf8 14. Nb4 Nc5 15. Nd2
e4 16. dxe4 Nfxe4 17. Nxe4 Nxe4 18. Bxe4 Rxe4 19. e3 Bh3 20. Re1 dxe3 21. Bxe3
Qxd1 22. Rexd1 Rxb4 23. Rxb4 Bxb4 24. Rb1 Ba5 0-1

[Event "34th Leon Blitz Open 2021"]
[Site "chess.com INT"]
[Date "2021.07.07"]
[Round "12"]
[White "Gorodetzky, David"]
[Black "Sarana, Alexey"]
[Result "0-1"]
[WhiteTitle "IM"]
[BlackTitle "GM"]
[WhiteElo "2496"]
[BlackElo "2640"]
[WhiteFideId "2813416"]
[BlackFideId "24133795"]
[EventDate "2021.07.07"]

1. d4 Nf6 2. Nf3 d5 3. Bf4 c5 4. e3 Nc6 5. Nbd2 Qb6 6. dxc5 Qxb2 7. Rb1 Qa3 8.
Bb5 g6 9. O-O Bg7 10. c4 O-O 11. Bxc6 bxc6 12. Ne5 Qxc5 13. Nb3 Qa3 14. Nxc6
dxc4 15. Nd2 Qc5 16. Ne5 Be6 17. Rc1 Rfd8 18. Qf3 c3 19. Nb3 Bxb3 20. axb3 Rac8
21. h3 Qd5 22. Qe2 Qxb3 23. Qa6 c2 24. Qxa7 Nd5 25. Bh2 Nc3 0-1

[Event "34th Leon Blitz Open 2021"]
[Site "chess.com INT"]
[Date "2021.07.07"]
[Round "12"]
[White "Maltsevskaya, Aleksandra"]
[Black "Jimenez Martinez, Jose Vicente"]
[Result "1-0"]
[WhiteTitle "WGM"]
[BlackTitle "FM"]
[WhiteElo "2382"]
[BlackElo "2271"]
[WhiteFideId "24174041"]
[BlackFideId "2264021"]
[EventDate "2021.07.07"]

1. e4 d6 2. d4 g6 3. c3 Bg7 4. Nf3 Nf6 5. Bd3 O-O 6. O-O Nc6 7. Nbd2 Bg4 8. h3
Bxf3 9. Nxf3 e5 10. Qe2 Re8 11. dxe5 Nxe5 12. Nxe5 Rxe5 13. f4 Re7 14. Qf3 Qe8
15. Re1 Qc6 16. f5 Rae8 17. Bg5 Re5 18. Bxf6 Bxf6 19. fxg6 R5e6 20. gxf7+ Kxf7
21. Kh1 Qc5 22. Bc2 Kg7 23. Bb3 Re5 24. Rf1 Rf8 25. Rad1 Rg5 26. Rd5 Rxd5 27.
Bxd5 c6 28. Qg4+ Kh6 29. Rf5 Bg5 30. Qxg5# 1-0

[Event "34th Leon Blitz Open 2021"]
[Site "chess.com INT"]
[Date "2021.07.07"]
[Round "12"]
[White "Pacheco Lugo, Alejandro Jose"]
[Black "Navarro Segura, Roberto"]
[Result "0-1"]
[WhiteTitle "CM"]
[BlackTitle "IM"]
[WhiteElo "2127"]
[BlackElo "2123"]
[WhiteFideId "3903745"]
[BlackFideId "5100364"]
[EventDate "2021.07.07"]

1. e4 e5 2. Nf3 Nc6 3. Bb5 a6 4. Ba4 Nf6 5. O-O Be7 6. Re1 b5 7. Bb3 d6 8. c3
Na5 9. Bc2 c5 10. d4 Qc7 11. d5 Bg4 12. Nbd2 O-O 13. Nf1 b4 14. h3 Bd7 15. g4
bxc3 16. bxc3 g6 17. Bh6 Rfe8 18. Ng3 Bf8 19. Qd2 Nc4 20. Qg5 Be7 21. Qc1 Qa5
22. Bd3 Na3 23. c4 Rab8 24. Bd2 Qa4 25. Re3 Rb7 26. Ne1 Reb8 27. Bf1 Nb1 28. g5
Ne8 29. Rb3 Rxb3 30. axb3 Qxa1 31. Nc2 Qa2 32. b4 Nxd2 33. Qxd2 0-1

[Event "34th Leon Blitz Open 2021"]
[Site "chess.com INT"]
[Date "2021.07.07"]
[Round "12"]
[White "Bures, Vit"]
[Black "Yen, William"]
[Result "1-0"]
[WhiteTitle "CM"]
[WhiteElo "2144"]
[BlackElo "2056"]
[WhiteFideId "309052"]
[BlackFideId "30932025"]
[EventDate "2021.07.07"]

1. d4 Nf6 2. c4 g6 3. Nc3 Bg7 4. e4 d6 5. Be2 O-O 6. Bg5 c5 7. d5 h5 8. Nf3 Nh7
9. Be3 a6 10. O-O Nd7 11. Qc2 Rb8 12. a4 Ndf6 13. h3 Kh8 14. e5 Ng8 15. e6 fxe6
16. Qxg6 Qe8 17. Qc2 exd5 18. Nxd5 Bf5 19. Bd3 Bxd3 20. Qxd3 Bxb2 21. Rab1 Bg7
22. Nf4 Rf6 23. Rfe1 Qf7 24. Nd5 Rxf3 25. gxf3 Qxf3 26. Qf1 Ngf6 27. Nxe7 Re8
28. Ng6+ Kg8 29. Qg2 Qxg2+ 30. Kxg2 Rb8 31. Bf4 Kf7 32. Bxd6 Rd8 33. Ne5+ Ke6
34. Nc6+ Kxd6 35. Nxd8 1-0

[Event "34th Leon Blitz Open 2021"]
[Site "chess.com INT"]
[Date "2021.07.07"]
[Round "12"]
[White "Necula, Iulian"]
[Black "Sviridova, Vlada"]
[Result "0-1"]
[BlackTitle "WFM"]
[WhiteElo "1890"]
[BlackElo "2144"]
[WhiteFideId "1232380"]
[BlackFideId "24109606"]
[EventDate "2021.07.07"]

1. c4 c6 2. g3 d5 3. Bg2 Nf6 4. Nf3 dxc4 5. O-O Nbd7 6. Nc3 e5 7. e4 Qc7 8. b3
cxb3 9. axb3 Bc5 10. Bb2 O-O 11. Na4 Bd6 12. Re1 b5 13. Nc3 Rd8 14. Qc2 Nc5 15.
d4 exd4 16. Nxd4 Be5 17. Nf5 Ne6 18. Rad1 Bb7 19. f4 Bxc3 20. Bxc3 Ng4 21. e5
Qb6+ 22. Nd4 Nxd4 23. Bxd4 Rxd4 24. Kf1 Rxd1 25. Qxd1 Qf2# 0-1

[Event "34th Leon Blitz Open 2021"]
[Site "chess.com INT"]
[Date "2021.07.07"]
[Round "12"]
[White "Dang, Hoang Son"]
[Black "Baskin, Robert"]
[Result "1-0"]
[WhiteTitle "FM"]
[BlackTitle "IM"]
[WhiteElo "2363"]
[BlackElo "2390"]
[WhiteFideId "12402435"]
[BlackFideId "24662402"]
[EventDate "2021.07.07"]

1. e4 c5 2. Nf3 d6 3. Bc4 Nf6 4. e5 dxe5 5. Nxe5 e6 6. O-O a6 7. a4 Nbd7 8. Nxd7
Bxd7 9. d4 Bc6 10. Be3 cxd4 11. Bxd4 Qc7 12. Qe2 Bd6 13. h3 O-O-O 14. c3 h5 15.
Nd2 Ng4 16. Rfd1 Bc5 17. Nf1 Bxd4 18. cxd4 Nf6 19. b4 Rh6 20. b5 axb5 21. axb5
Be4 22. f3 Bf5 23. Bxe6+ Bxe6 24. Rdc1 Nd5 25. Rxc7+ Kxc7 26. Qe5+ Kd7 27. Ra7
Rg6 28. Rxb7+ Ke8 29. f4 Ne7 30. Ne3 Kf8 31. f5 Rg5 32. h4 Rxf5 33. Nxf5 Nxf5
34. Rb8 1-0

[Event "34th Leon Blitz Open 2021"]
[Site "chess.com INT"]
[Date "2021.07.07"]
[Round "12"]
[White "Primbetov, Kazbek"]
[Black "Iskusnyh, Sergei"]
[Result "0-1"]
[WhiteTitle "FM"]
[BlackTitle "GM"]
[WhiteElo "2207"]
[BlackElo "2473"]
[WhiteFideId "13702297"]
[BlackFideId "4120027"]
[EventDate "2021.07.07"]

1. f4 d5 2. Nf3 g6 3. e3 Bg7 4. c4 c5 5. cxd5 Qxd5 6. Nc3 Qd8 7. Bb5+ Bd7 8. Qb3
Nf6 9. Ne5 O-O 10. Bxd7 Nbxd7 11. Qxb7 Nxe5 12. fxe5 Ng4 13. e6 fxe6 14. Qe4 Ne5
15. d4 cxd4 16. exd4 Nf7 17. Be3 Qb6 18. O-O Qxb2 19. Na4 Qe2 20. Rf2 Qc4 21.
Nc5 Nd6 22. Qxe6+ Kh8 23. Raf1 Rxf2 24. Rxf2 Qc3 25. h3 Nf5 26. Qe4 Rb8 27. Ne6
Qxe3 28. Qxe3 Nxe3 29. Rf7 Bf6 30. g4 Kg8 0-1

[Event "34th Leon Blitz Open 2021"]
[Site "chess.com INT"]
[Date "2021.07.07"]
[Round "12"]
[White "Yilmaz, Mustafa"]
[Black "Bluebaum, Matthias"]
[Result "0-1"]
[WhiteTitle "GM"]
[BlackTitle "GM"]
[WhiteElo "2630"]
[BlackElo "2669"]
[WhiteFideId "6302718"]
[BlackFideId "24651516"]
[EventDate "2021.07.07"]

1. d4 Nf6 2. c4 e6 3. Nf3 d5 4. Nc3 Bb4 5. Bg5 h6 6. Bxf6 Qxf6 7. Qa4+ Nc6 8. e3
O-O 9. Be2 Bd7 10. Qb3 dxc4 11. Qxc4 Qe7 12. a3 Bd6 13. Ne4 e5 14. d5 Nd8 15.
O-O f5 16. Nxd6 cxd6 17. Rac1 Rc8 18. Qb4 b6 19. Ba6 Rc5 20. Qd2 e4 21. Nd4 Kh8
22. Bc4 Nf7 23. b4 Rc7 24. Ba6 Rxc1 25. Rxc1 Ne5 26. Rc7 Qg5 27. Rxa7 f4 28.
exf4 Rxf4 29. Be2 Bh3 30. g3 Rxf2 31. Qxg5 Rg2+ 32. Kh1 hxg5 33. Ra8+ Kh7 34. a4
Nd3 35. Bxd3 exd3 36. Nf3 d2 37. Nxg5+ Kg6 38. Nxh3 Re2 39. Nf4+ Kh7 40. Nxe2
d1=Q+ 0-1

[Event "34th Leon Blitz Open 2021"]
[Site "chess.com INT"]
[Date "2021.07.07"]
[Round "12"]
[White "Khanin, Semen"]
[Black "Lysyj, Igor"]
[Result "1-0"]
[WhiteTitle "IM"]
[BlackTitle "GM"]
[WhiteElo "2517"]
[BlackElo "2605"]
[WhiteFideId "4111990"]
[BlackFideId "4150120"]
[EventDate "2021.07.07"]

1. e4 e5 2. Nf3 Nc6 3. Bb5 a6 4. Ba4 Nf6 5. O-O Nxe4 6. d4 b5 7. Bb3 d5 8. dxe5
Be6 9. Nbd2 Nc5 10. c3 d4 11. Bxe6 Nxe6 12. cxd4 Ncxd4 13. a4 Bb4 14. Ne4 O-O
15. axb5 Nxf3+ 16. Qxf3 axb5 17. Rxa8 Qxa8 18. Qg4 Be7 19. Be3 Qd5 20. Nf6+ Bxf6
21. exf6 g6 22. Rd1 Qb3 23. Rd2 Ra8 24. h3 h5 25. Qe4 Qa4 26. Qe5 Qc4 27. Kh2
Qc6 28. Rd5 b4 29. b3 Qc2 30. Rd7 Qxb3 31. Qe4 Rf8 32. Bh6 Re8 33. Re7 Qa4 34.
Qxe6 1-0

[Event "34th Leon Blitz Open 2021"]
[Site "chess.com INT"]
[Date "2021.07.07"]
[Round "12"]
[White "Maly, Alexey"]
[Black "Onischuk, Vladimir"]
[Result "0-1"]
[WhiteTitle "IM"]
[BlackTitle "GM"]
[WhiteElo "2370"]
[BlackElo "2622"]
[WhiteFideId "14103184"]
[BlackFideId "14114038"]
[EventDate "2021.07.07"]

1. d4 d6 2. c4 e5 3. Nc3 Nd7 4. Nf3 Ngf6 5. g3 g6 6. Bg2 Bg7 7. O-O O-O 8. b3
Re8 9. e4 c6 10. Bb2 a6 11. Qc2 b6 12. Rfd1 Bb7 13. Rd2 b5 14. cxb5 cxb5 15.
dxe5 dxe5 16. Rad1 Qc8 17. Qb1 Nc5 18. Ne1 Qe6 19. b4 Ncd7 20. Nd3 Rac8 21. a4
Qb6 22. axb5 axb5 23. Bh3 Rc7 24. Nd5 Bxd5 25. exd5 Ne4 26. Rc2 f5 27. d6 Rc4
28. Nc5 Ndxc5 29. bxc5 Qxc5 30. Qa2 Kh8 31. d7 Rd8 32. Rxc4 Qxf2+ 33. Kh1 Qf3+
34. Kg1 Qxd1+ 35. Bf1 bxc4 36. Qxc4 Nd2 0-1

[Event "34th Leon Blitz Open 2021"]
[Site "chess.com INT"]
[Date "2021.07.07"]
[Round "12"]
[White "Gimenez Aguirre, Alejo Ismael"]
[Black "Vazquez, Facundo"]
[Result "0-1"]
[WhiteTitle "IM"]
[BlackTitle "CM"]
[WhiteElo "2265"]
[BlackElo "2199"]
[WhiteFideId "32041667"]
[BlackFideId "3007669"]
[EventDate "2021.07.07"]

1. e4 c5 2. Nf3 Nc6 3. Bb5 e6 4. O-O Nge7 5. Re1 a6 6. Bf1 d5 7. exd5 Nxd5 8. d3
Bd6 9. Nbd2 Qc7 10. Ne4 Be7 11. h3 O-O 12. a3 h6 13. Rb1 f5 14. Ned2 b5 15. g3
Bd6 16. Bg2 Bd7 17. Qe2 Rae8 18. Nf1 Nf6 19. c3 e5 20. Ne3 f4 21. Nf1 e4 22.
dxe4 fxg3 23. fxg3 Nxe4 24. Qd3 Nxg3 25. Rxe8 Bxe8 26. Nxg3 Bxg3 27. Be3 c4 28.
Qd5+ Bf7 29. Qe4 Re8 30. Qg4 Rxe3 31. Rd1 Re7 32. Nh4 Bxh4 33. Qxh4 Ne5 34. Kh1
Nd3 35. Rf1 Qe5 36. Qg4 Bd5 37. Qc8+ Re8 38. Qg4 Bxg2+ 39. Qxg2 Qe4 40. Qxe4
Rxe4 41. a4 Re2 42. Rf5 Rxb2 43. Rd5 bxa4 44. Rd8+ Kh7 45. Rd7 a3 46. Ra7 a2 47.
Rxa6 Rb1+ 48. Kg2 a1=Q 49. Re6 Rg1+ 0-1

[Event "34th Leon Blitz Open 2021"]
[Site "chess.com INT"]
[Date "2021.07.07"]
[Round "12"]
[White "Valle Maytin, Luis Enrique"]
[Black "Musovic, Armin"]
[Result "0-1"]
[WhiteTitle "FM"]
[BlackTitle "FM"]
[WhiteElo "2284"]
[BlackElo "2282"]
[WhiteFideId "3503666"]
[BlackFideId "939935"]
[EventDate "2021.07.07"]

1. e4 c6 2. Nf3 d5 3. Nc3 dxe4 4. Nxe4 Nf6 5. Ng3 e5 6. d3 Bd6 7. Be2 O-O 8. O-O
Re8 9. Bg5 h6 10. Bxf6 Qxf6 11. Ne4 Qd8 12. Nxd6 Qxd6 13. Nd2 Qc7 14. Bf3 Nd7
15. Re1 Nf8 16. Nc4 Bf5 17. Qd2 Rad8 18. Ne3 Be6 19. a3 Rd4 20. g3 Red8 21. Qc3
f6 22. Rad1 Qf7 23. Bg2 Nh7 24. Nf1 Bg4 25. Rc1 Ng5 26. Ne3 Nf3+ 27. Bxf3 Bxf3
28. Nf5 R4d7 29. Nh4 Bd5 30. Re3 Qh5 31. d4 exd4 32. Qxd4 Bf7 33. Qxa7 g5 34.
Ng2 Rd1+ 35. Re1 Rxc1 36. Qa5 Rdd1 37. Kf1 Bc4+ 38. Kg1 Rxe1+ 39. Nxe1 Qe8 40.
Qc5 Qxe1+ 41. Kg2 Bf1+ 42. Kf3 Qe2# 0-1

[Event "34th Leon Blitz Open 2021"]
[Site "chess.com INT"]
[Date "2021.07.07"]
[Round "12"]
[White "Nguyen, Ngoc Truong Son"]
[Black "Chen, Justin"]
[Result "1-0"]
[WhiteTitle "GM"]
[BlackTitle "FM"]
[WhiteElo "2641"]
[BlackElo "2247"]
[WhiteFideId "12401110"]
[BlackFideId "2098199"]
[EventDate "2021.07.07"]

1. e4 c5 2. Nf3 d6 3. d4 cxd4 4. Nxd4 Nf6 5. Nc3 a6 6. Bg5 Nbd7 7. Qe2 Qa5 8. f4
e5 9. Nb3 Qc7 10. g3 h6 11. Bh4 Be7 12. Bh3 g5 13. fxg5 hxg5 14. Bxd7+ Nxd7 15.
Nd5 Qd8 16. Qc4 Nb6 17. Nc7+ Kd7 18. Qxf7 Kxc7 19. Bxg5 Re8 20. O-O-O Bd7 21.
Be3 Bc6 22. Nc5 dxc5 23. Rxd8 Raxd8 24. Bxc5 Nc8 25. h4 Kb8 26. Bxe7 Rxe7 27.
Qf5 Nd6 28. Qf6 Rdd7 29. g4 Nxe4 30. Qf8+ Kc7 31. Re1 Nd6 32. h5 e4 33. Qf4 Rf7
34. Qh2 Kb6 35. g5 Rfe7 36. g6 e3 37. h6 Nc4 38. h7 Rd2 39. Qf4 Be4 40. Qxe4
Rxe4 41. h8=Q e2 42. g7 Red4 43. Qh6+ Ka7 44. Qxd2 Rxd2 45. g8=Q Ne3 46. Kxd2 1-0

[Event "34th Leon Blitz Open 2021"]
[Site "chess.com INT"]
[Date "2021.07.07"]
[Round "12"]
[White "Vallejo Diaz, Javier"]
[Black "Ibrahimli, Murad"]
[Result "0-1"]
[WhiteTitle "FM"]
[BlackTitle "IM"]
[WhiteElo "2365"]
[BlackElo "2436"]
[WhiteFideId "2256398"]
[BlackFideId "13410229"]
[EventDate "2021.07.07"]

1. e4 e5 2. Nf3 Nc6 3. Bb5 a6 4. Ba4 Nf6 5. d3 b5 6. Bb3 Bc5 7. O-O d6 8. c3 O-O
9. h3 h6 10. Be3 Re8 11. Nbd2 Bb7 12. a4 Qb8 13. axb5 axb5 14. Qe2 Rxa1 15. Rxa1
Bxe3 16. Qxe3 b4 17. Nh4 bxc3 18. bxc3 Ne7 19. f4 exf4 20. Qxf4 Bc8 21. Rf1 Qb6+
22. d4 Be6 23. Bxe6 fxe6 24. e5 Ned5 25. Qg3 dxe5 26. Nc4 Qc6 27. dxe5 Nh7 28.
Qg4 Rf8 29. Rxf8+ Nxf8 30. Nf3 Qa4 31. Nfd2 Nxc3 32. Qd4 Ne2+ 0-1